000
00326nam a2200133 a 4500
005
20140513081052.0
008
030203s19uu xx 00 eng d
050
_a
P 591
_b
MGA
245
_a
Animals hatched from eggs.
260
_b
Mabuhay Boardgames,
_c
2002.
300
_a
Poster
650
_a
Eggs--Posters
999
_c
116364
_d
116364